距离重庆各区最近的轨道交通车站 Nearest Metro Station For Every Chongqing District - Statistics

General Stats
  • This quiz has been taken 5 times
  • The average score is 26 of 37
Answer Stats
区县 距离 车站 % Correct
万州 189km 黄岭
100%
涪陵 39km 黄岭
100%
北碚 390m 状元碑
100%
大足 34km 铜梁西
100%
长寿 25km 黄岭
100%
合川 22km 状元碑
100%
南川 55km 重庆东站
100%
璧山 4.6km 璧山
100%
铜梁 2.4km 铜梁西
100%
潼南 45km 铜梁西
100%
开州 214km 黄岭
100%
梁平 133km 黄岭
100%
丰都 86km 黄岭
100%
垫江 78km 黄岭
100%
忠县 129km 黄岭
100%
云阳 220km 黄岭
100%
奉节 282km 黄岭
100%
巫山 325km 黄岭
100%
石柱 125km 黄岭
100%
渝中 290m 较场口
60%
大渡口 510m 大渡口
60%
沙坪坝 200m 天星桥
60%
两江 160m 金童路
60%
綦江 40km 鱼胡路
60%
江津 1.5km 圣泉寺
60%
九龙坡 280m 动物园
40%
南岸 620m 邱家湾
40%
巴南 510m 学堂湾
40%
黔江 191km 石河清
20%
永川 32km 江津高铁
20%
荣昌 63km 江津高铁
20%
武隆 99km 石河清
20%
城口 240km 户县
20%
巫溪 307km 常宁宫
20%
秀山 252km 石河清
20%
酉阳 209km 石河清
20%
彭水 138km 石河清
20%
No matching quizzes found
Score Distribution
Percent of People with Each Score
Percentile by Number Answered
Your Score History
You have not taken this quiz